Efort journal (Record no. 38172)

MARC details
000 -LEADER
fixed length control field 00575nam a2200169Ia 4500
022 ## - INTERNATIONAL STANDARD SERIAL NUMBER
ISSN 18674569
050 ## - CALL MARK
Classification number RD 549 .E36/
245 #0 - TITLE STATEMENT
Title Efort journal
260 ## - PUBLICATION, DISTRIBUTION, ETC. (IMPRINT)
Place of publication N.Y.
260 ## - PUBLICATION, DISTRIBUTION, ETC. (IMPRINT)
Name of publisher European Orthopaedics and traumatology Springer
260 ## - PUBLICATION, DISTRIBUTION, ETC. (IMPRINT)
Year of publication 2012
300 ## - PHYSICAL DESCRIPTION
Number of Pages 123 p. : ill ; 28 cm.
650 ## - SUBJECT ADDED ENTRY--TOPICAL TERM
Topical Term Total hip replacement. Arthroplasty, Replacement, Hip--instrumentation--Congresses. Hip Prosthesis--Congresses. Materials Testing--Congresses. Prosthesis Design--Congresses.
942 ## - ADDED ENTRY ELEMENTS (KOHA)
Koha item type Serials

No items available.